000 00315nam a22001337a 4500
008 170227b xxu||||| |||| 00| 0 eng d
020 _a9780023064913
041 _aeng
080 _a577
100 _a5
101 _aSHMD
245 _aINTRODUCTION TO ORGANIC AND BIOLOGICAL CHEMISTRY
_cBAUM, S.J
942 _2udc
_cBK
999 _c6318
_d6318